000 01701nam a2200505 c 4500
001 24757
003 ES-MaCES
005 20150929135516.0
008 121122s2012 sp d t 000 | spa d
017 _aB 29034-2012
_bDL
020 _a9788499000718
035 _aCES20120007557m
040 _aES-MaCES
_bspa
_cES-MaCES
245 0 0 _aCrisis y fractura social en Europa
_b: causas y efectos en España
_cMiguel Laparra y Begoña Pérez Eransus (coord.) ; [autores], Rubén Lasheras ... [et al.]
260 _a[Barcelona]
_bObra Social "La Caixa"
_c[2012]
300 _a213 p.
_bgráf. col.
_c24 cm
490 1 _aColección Estudios sociales
_v35
500 _aÍndices
504 _aBibliografía comentada: p. 193-209
541 _cGratuito
650 4 _acrisis económica
_927102
650 4 _apérdida financiera
_928136
650 4 _aevaluación del impacto
_930732
650 4 _adesigualdad social
_930789
650 4 _adesigualdad económica
_929371
650 4 _aempleo precario
_930171
650 4 _adesempleo
_928308
650 4 _apobreza
_927112
650 4 _aexclusión social
_930629
650 4 _acondiciones de vida
_927111
650 4 _ahogar
_927911
650 4 _apolítica social
_927029
650 4 _aEspaña
_926964
650 4 _aestudio de casos
_928846
653 1 0 _aAsuntos Sociales
650 4 _926752
_aUE
700 1 _aLasheras, Rubén
_916251
700 1 _aLaparra, Miguel
_ecol.
_916189
710 2 _aFundación "La Caixa"
_eed.
_93734
700 1 _920764
_aPérez Eransus, Begoña
_ecol.
830 0 _aColección Estudios sociales
_v35
_933472
902 _aLIB Libro
942 _2CES
_cBK
_h3.3.
999 _c24757
_d24757